01772cam a22004097a 4500003000500000005001700005008004100022010000900063011000900072035000900081040000900090090001000099100003400109245020500143260004000348300002200388502010000410590003700510590004100547590004100588590004100629590004100670590004100711590004200752650005000794650003900844650002800883650002900911700003600940901000700976942000900983949004100992949005401033999001501087952013301102952012701235CHAP20220329133246.0971013s1991 r 00010 d a4025 a4997 a4202 cCHAP aTesis00aAldana Barajas, Rebeca.9367510aFenología de brotes anuales de Pinus hartwegii Lindl. y Pinus montezumae Lamb. y su relación con los factores ambientales físicos, en la Estación Forestal Experimentación Zoquiapan, México aChapingo, Méx. :bEl Autor,c1991 a80 h.b: apénd. aTesis (Ing. Forestal con Orientación Silvicultura) -- UACH. División de Ciencias Forestales aALEPHb10c20130110lUCH01h1215 aBATCH-UPDb10c20130110lUCH01h0131 aBATCH-UPDb10c20130110lUCH01h1748 aBATCH-UPDb10c20130409lUCH01h2127 aBATCH-UPDb10c20130410lUCH01h1126 aBATCH-UPDb10c20130914lUCH01h0001 aCONVERSIONb10c20130109lUCH01h130314aPináceasxEfecto del medio ambiente.98822914aPináceasxMéxico (Edo.)98825214aPinus hartwegii.98834014aPinus montezumae.9883520 aAureoles Conejo, Silvano.98344 aBK cFOLL bBCcTESd-13735eTS1h23975i4202si bBCcTESd33724000938197eTS2fc.2h23979i4202si c4025d4025 00102local4053708TESISaBCbBCcPA_TESISd2019-12-31fTESISl0p33724000938197r2019-12-31 00:00:00tc.2w2019-12-31yTESIS 00102local4051708TESISaBCbBCcPA_TESISd2019-12-31fTESISl0oTesisp-13735r2019-12-31 00:00:00w2019-12-31yTESIS